=LDR 00000nam 2200000 4500 =001 INLIS000000000039037 =005 20130612144707 =008 ***********************************ind** =035 ##$$0010-061300000039037 =041 ##$$a ind =082 ##$$a 642.3 =090 ##$$a 642.3, Hid p =100 ##$$a HIDAYAT, Baddi =245 ##$$a Peta 100 tempat jajan dan makan legendaris di bandung, Baddi hidayat,lusi triyani,siti hanifah;Editor, Intarina hadiman =260 ##$$a 2009 $b Jakarta =300 ##$$a 122 hlm, Ilus, 21 cm =650 ##$$a MAKANAN-PERJALANAN =700 ##$$a TRIYANI, LUSI =850 ##$$a NBPNMAT